In Search of Things Past

Halle Friedman, Vishwa Shanmugam, Robert Condron, Ned Tagtmeier


Beliefs56.0060%0%0%
Fine Arts - Classical Music and Opera811.2575%38%0%
Fine Arts - Other Fine Arts415.0075%50%25%
Fine Arts - Visual Fine Arts512.0080%40%0%
Geography110.00100%0%0%
History - European History313.33100%33%0%
History - Other History412.5075%25%25%
History - US History68.3383%0%0%
History - World History310.0067%33%0%
Literature - American Literature526.00100%100%60%
Literature - British Literature417.50100%50%25%
Literature - European Literature714.29100%29%14%
Literature - World Literature611.67100%17%0%
Modern World316.67100%67%0%
Other Academic110.00100%0%0%
Philosophy110.00100%0%0%
Science - Biology512.0080%40%0%
Science - Chemistry68.3350%33%0%
Science - Other Science36.6767%0%0%
Science - Physics516.00100%60%0%
Social Science87.5063%13%0%